000 00403nam a2200145Ia 4500
008 240729s9999 xx 000 0 und d
022 _a1736-7530
245 0 _aProceedings of the Estonian Academy of Sciences
260 _aEstonia
260 _bEstonian Academy Publishers
650 _aScience
856 _uhttps://doaj.org/toc/7ab9b26e620b42b0a1738a945d7136bf
942 _2ddc
942 _cDOAJEJ
999 _c70770
_d70770
945 _a1
_bMadushi Gamage
_c1
_dMadushi Gamage